000 00523nam a2200193Ia 4500
005 20250508151905.0
008 008 250505s9999 xx 000 0 hin d
037 _aTextual
040 _aFEDL
_beng
_cFEDL
041 _ahin
_2eng
084 _a370.7, KAR
_qFEDL
100 _aKarkhanees Mahadev Kashi Nath
_9760294
245 0 _aAddhyapan
260 _aPune, India
_b N. K. Publishing House
_c1950
300 _a449p.
650 _aEducation
942 _cTEXL
_h370.7, KAR
999 _c1332741
_d1332741